000 00798nam a2200229 4500
999 _c84044
_d321321
001
003 OSt
005 20221017145009.0
008 140224s2013____jo g 000 0 ara c
020 _a9789957831394
040 _aMA-UN
_b
_cMA-UN
082 0 4 _221
_a526.9
_bد م م
100 1 _aالدرايسة، محمد عبد الله
_942739
245 1 2 _aالمساحة الارضية 2 /
_cتأليف محمد عبد الله الدرايسة.
250 _aط .1.
260 _aعمان، الأردن :
_bمكتبة المجمع العربي للنشر والتوزيع،
_c2013
_m1434.
300 _a148 ص. :
_bإيض. ؛
_c24 سم.
504 _aيشتمل على قائمة ببليوجرافية.
650 7 _aالمساحة الأرضية
_937569
942 _2ddc
_cBOOK
535 2 _a3